Online
Catalog

Ideal gas thermodynamic functions and isotope exchange functions for the diatomic hydrides, deuterides, and tritides / (Record no. 1366)

MARC details
000 -CABECERA
campo de control de longitud fija 00806cam a22002051 4500
001 - NÚMERO DE CONTROL
campo de control 000001455
005 - FECHA Y HORA DE LA ÚLTIMA TRANSACCIÓN
campo de control 20200929145602.0
008 - DATOS DE LONGITUD FIJA--INFORMACIÓN GENERAL
campo de control de longitud fija 730924s1961 xx d 000 0 eng
040 ## - FUENTE DE LA CATALOGACIÓN
Centro catalogador/agencia de origen DO-SdBNP
Lengua de catalogación spa
Centro/agencia transcriptor BNPHU
082 ## - NÚMERO DE LA CLASIFICACIÓN DECIMAL DEWEY
Número de clasificación 546.2
Número de documento/Ítem xxx
100 1# - ENTRADA PRINCIPAL--NOMBRE DE PERSONA
Nombre de persona Haar, Lester.
9 (RLIN) 4825
245 10 - MENCIÓN DE TÍTULO
Título Ideal gas thermodynamic functions and isotope exchange functions for the diatomic hydrides, deuterides, and tritides /
Mención de responsabilidad, etc. [by] Lester Haar, Abraham S. Friedman, and Charles W. Beckett.
260 ## - PUBLICACIÓN, DISTRIBUCIÓN, ETC.
Lugar de publicación, distribución, etc. Washington, :
Nombre del editor, distribuidor, etc. U.S. Dept. of Commerce, National Bureau of Standards,
Fecha de publicación, distribución, etc. 1961.
300 ## - DESCRIPCIÓN FÍSICA
Extensión viii, 271 p. :
Otras características físicas (chiefly tables) ;
Dimensiones 27 cm.
440 #0 - MENCIÓN DE SERIE/PUNTO DE ACCESO ADICIONAL--TÍTULO
Título National Bureau of Standards monograph 20
9 (RLIN) 4826
504 ## - NOTA DE BIBLIOGRAFÍA, ETC.
Nota de bibliografía, etc. Bibliografía: p. 6.
650 #0 - PUNTO DE ACCESO ADICIONAL DE MATERIA--TÉRMINO DE MATERIA
Término de materia o nombre geográfico como elemento de entrada Hydrides.
9 (RLIN) 4827
650 #0 - PUNTO DE ACCESO ADICIONAL DE MATERIA--TÉRMINO DE MATERIA
Término de materia o nombre geográfico como elemento de entrada Deuterides.
9 (RLIN) 4828
650 #0 - PUNTO DE ACCESO ADICIONAL DE MATERIA--TÉRMINO DE MATERIA
Término de materia o nombre geográfico como elemento de entrada Tritides.
9 (RLIN) 4829

No items available.

Powered by Koha